Curese ud. mismo /. (Registro nro. 23421)
[ vista simple ]
| 000 -CABECERA | |
|---|---|
| campo de control de longitud fija | 00458nam a2200169 a 4500 |
| 001 - NÚMERO DE CONTROL | |
| campo de control | 000023925 |
| 005 - FECHA Y HORA DE LA ÚLTIMA TRANSACCIÓN | |
| campo de control | 20200930022556.0 |
| 008 - DATOS DE LONGITUD FIJA--INFORMACIÓN GENERAL | |
| campo de control de longitud fija | 110117s1987 ck a r 000 | spa d |
| 040 ## - FUENTE DE LA CATALOGACIÓN | |
| Centro catalogador/agencia de origen | DO-SdBNP |
| Lengua de catalogación | spa |
| Centro/agencia transcriptor | BNPHU |
| 082 ## - NÚMERO DE LA CLASIFICACIÓN DECIMAL DEWEY | |
| Número de clasificación | xxx |
| Número de documento/Ítem | K88c |
| 049 ## - FONDOS LOCALES (OCLC) | |
| Fondos de biblioteca | BNGR |
| 100 1# - ENTRADA PRINCIPAL--NOMBRE DE PERSONA | |
| Nombre de persona | Kozel, Carlos |
| 9 (RLIN) | 22163 |
| 245 10 - MENCIÓN DE TÍTULO | |
| Título | Curese ud. mismo /. |
| 246 11 - FORMA VARIANTE DE TÍTULO | |
| Texto de visualización | Curese usted mismo |
| 260 ## - PUBLICACIÓN, DISTRIBUCIÓN, ETC. | |
| Lugar de publicación, distribución, etc. | Bogotá : |
| Nombre del editor, distribuidor, etc. | La Misión "La Verdad Presente", |
| Fecha de publicación, distribución, etc. | 1987. |
| 300 ## - DESCRIPCIÓN FÍSICA | |
| Extensión | 270 p. : |
| Otras características físicas | li. ; |
| Dimensiones | 20 cm. |
| Estado de retiro | Estado de pérdida | Restricciones de uso | No para préstamo | Código de colección | Localización permanente | Ubicación/localización actual | Ubicación en estantería | Fecha de adquisición | Número de inventario | Total de préstamos | Signatura topográfica completa | Código de barras | Fecha visto por última vez | Precio válido a partir de | Tipo de ítem Koha |
|---|---|---|---|---|---|---|---|---|---|---|---|---|---|---|---|
| Excluido de préstamo | Monografías: Libros y Folletos | General | General | En catalogación | 17.01.2011 | LF1 | xxx K88c | 23925-10 | 25.06.2020 | 25.06.2020 | No se presta |
